The origin and development of the waterways policy of the United States /

Bibliographic Details
Main Author: Hull, William J.
Other Authors: Hull, Robert W.
Format: Book
Language:English
Published: Washington : National Waterways Conference, 1967.
Subjects:

MARC

Tag First Indicator Second Indicator Subfields
LEADER 00000cam a22000001 4500
001 in00000079607
005 20151008052913.0
008 740605s1967 dcub b 00010 eng
010 |a  67026205  
035 |a (OCoLC)00823651 
035 |9 AAH5382AM 
040 |a DLC  |c DLC  |d TXA  |d UtOrBLW 
043 |a n-us--- 
049 |a TXAM  |c [472985] 
050 0 0 |a HE393  |b .H8 
082 0 |a 353/.00876 
092 |a 353.00876  |b H913o 
100 1 |a Hull, William J. 
245 1 4 |a The origin and development of the waterways policy of the United States /  |c by William J. Hull and Robert W. Hull. 
264 1 |a Washington :  |b National Waterways Conference,  |c 1967. 
300 |a vii, 79 pages :  |b map (on lining papers) ;  |c 24 cm. 
336 |a text  |b txt  |2 rdacontent 
337 |a unmediated  |b n  |2 rdamedia 
338 |a volume  |b nc  |2 rdacarrier 
504 |a Bibliographical references included in "Footnotes" (pages 49-71). 
650 0 |a Inland water transportation  |z United States. 
700 1 |a Hull, Robert W. 
999 |a MARS 
999 f f |s e96c52f6-9d77-3e4f-ab8e-65595541aaed  |i 7c366915-3d00-3f9d-9c48-69cf66b5f116  |t 0 
952 f f |p ric  |a Texas A&M University  |b Rellis Campus  |c Joint Library Facility  |d Remote Storage  |t 0  |e HE393 .H8  |h Library of Congress classification  |i unmediated -- volume  |m A14800799355 
998 f f |a HE393 .H8  |t 0  |l Remote Storage